Google Maps Cities - Crete - Statistics

General Stats
  • This quiz has been taken 60 times
  • The average score is 5 of 10
Answer Stats
City % Correct
Heraklion
98%
Chania
91%
Agios Nikolaos
68%
Rethimno
47%
Sitia
47%
Ierapetra
40%
Kissamos
28%
Matala
23%
Palaiochora
15%
Georgioupoli
13%
No matching quizzes found
Score Distribution
Percent of People with Each Score
Percentile by Number Answered
Your Score History
You have not taken this quiz